Every A$AP Rocky Song on the Billboard Hot 100 - Statistics

General Stats
  • This quiz has been taken 142 times
    103 since last reset
  • The average score is 6 of 14
Answer Stats
# Year Song % Correct
43 2018 Praise The Lord (Da Shine) ft. Skepta
93%
62 2015 L$D
80%
8 2013 F**kin Problems ft. Drake, 2 Chainz & Kendrick Lamar
73%
92 2015 Everyday ft. Rod Stewart, Miguel & Mark Ronson
61%
63 2018 A$AP Forever ft. Moby
55%
69 2019 Babushka Boi
39%
80 2013 Wild For The Night ft. Skrillex
38%
86 2013 Long Live A$AP
24%
4 2018 No Limit (G-Eazy) ft. Cardi B
20%
80 2015 Electric Body ft. ScHoolboy Q
19%
54 2018 Pick It Up (Famous Dex)
18%
5 2015 Good For You (Selena Gomez)
16%
83 2020 T.D (Lil Yachty & Tierra Whack) ft. Tyler, The Creator
14%
98 2018 Handgun (YG)
9%
No matching quizzes found
Score Distribution
Percent of People with Each Score
Percentile by Number Answered
Your Score History
You have not taken this quiz since the last reset